000 00835nas a2200253Ia 4500
001 R002/39563
003 IT-RoPAU
008 151124c99999999xx |||||||||||| ||und||
040 _aIT-RoPAU
040 _cIT-RoPAU
041 _aITALIANO
100 _aPintus Pietro
_gCodice Aut. SPICS: 2545
210 _aBIANCO E NERO
222 _aBianco E Nero
245 _aBIANCO E NERO, ANNO 45-N.02-APRILE/GIUGNO 1984
_bFranco Solinas: Il Rigore Dell'Impegno
250 _a1a ed.
260 _aROMA
_bGREMESE
_c1984
501 _bPaulus - SPICS - Società San Paolo EM (non-commercial uses only)
_cCopyright2015
300 _a24 p. [7-30]
362 _aANNO 045, N.02-APRILE/GIUGNO 1984
500 _aSaggio-E-Filmografia-Dei-Soggetti-E-Sceneggiature-Di-Franco-Solinas
650 _aCINEMA
_vPUBBLICAZIONE PERIODICA
942 _cCR
999 _c169602
_d169602